| 000 | 00511nam a22001697a 4500 | ||
|---|---|---|---|
| 005 | 20251108175610.0 | ||
| 008 | 250721s2017 xx 000 0 ara d | ||
| 082 | 1 | 4 | _a730.0956/مفا |
| 100 | 1 | _aمفاضلة، غسان | |
| 245 | 1 | 0 | _aخزائن المرئي / |
| 264 | 1 |
_aعمان : _bشركة دار البيروني للنشر و التوزيع، _c2017. |
|
| 300 | _a232ص. | ||
| 650 | 1 | 7 | _aالفن التشكيلي |
| 650 | 1 | 7 | _aالبلدان العربية |
| 942 |
_2ddc _cBK |
||
| 999 |
_c137921 _d137921 |
||